Competing against time

Bibliographic Details
Main Author: Stalk, George
Other Authors: Hout, Thomas M.
Format: Book
Published: New York : The Free Press , 1990
Subjects:

MARC

LEADER 00000cam a2200000 7i4500
001 0000003804
005 20050430.0
020 |a 0029152917 
040 |a INS 
090 0 0 |a HD69.T54   |b S73 1990 
100 1 |a Stalk, George 
245 1 0 |a Competing against time   |c George Stalk, Thomas M. Hout. 
260 |a New York :   |b The Free Press ,   |c 1990 
300 |a x, 285p. ;   |c 24 cm. 
650 0 0 |a Competition, International 
650 0 0 |a Delivery of goods 
650 0 0 |a Times management 
700 1 |a Hout, Thomas M. 
999 |a 0000004340   |b BOOK   |c Open Shelf   |e Default branch